000 00273nam a22001337a 4500
020 _a1-8442-2668-9
082 _a823
_bPOW/M
100 _aPOWELL JILLIAN
245 _aMUMMIES
260 _aUK
_bLADY BIRD
300 _a29
650 _aENGLISH SHORT STORY
_zUK
942 _cBK
999 _c2117
_d2117